| 000 | 01296nam a22003017a 4500 | ||
|---|---|---|---|
| 001 | 8834 | ||
| 003 | FISKH | ||
| 005 | 20251022112713.0 | ||
| 008 | 251022b cb ||||| |||| 00| 0 eng d | ||
| 040 |
_aFISKH _bkhr _cFISKH _dFISKH |
||
| 050 | _aPZ7 | ||
| 082 | _a895 | ||
| 100 | _aPhana, Sat Kolab | ||
| 245 |
_aសុភីដាំជ្រូក / _cអ្នកនិពន្ធ សាត កុលាបផាន់ណា |
||
| 260 |
_aPhnom Penh : _bមូលនិធិអាសុី , _c2020. |
||
| 300 |
_a16 pages : _bcolor illustrations ; _c30 cm . |
||
| 490 | _aLet's Read | ||
| 505 | _aH | ||
| 520 | _aសុភីឃើញមីងចំណានមានជ្រូកច្រើន ដូច្នេះនាងក៏មានគំនិតចង់បានជ្រូកមួយក្បាលយកទៅដាំ ។ | ||
| 520 | _a"Sophea saw that Aunt Channan had many pigs, so she had the idea of wanting to get one to raise." | ||
| 521 |
_a400
_bLexile estimate |
||
| 521 |
_aH
_bRaz-Plus |
||
| 650 |
_aសុភីដាំជ្រូក _vរឿងនិទានកុមារ |
||
| 650 |
_aSophy plants pig _vChildren's Stories |
||
| 700 |
_aSreynuch , Sorn _eIllustrator |
||
| 942 |
_2ddc _cKHB _n0 |
||
| 999 |
_c8834 _d8834 |
||